Pays et fautes de frappe (3) - Statistiques

Statistiques générales
  • Ce quiz a été pris 219 fois
  • Le résultat moyen est 26 sur 26
Statistiques - réponses
Hint Réponse % Correct
Binlande B
100%
Ethiupie U
100%
Exquateur X
100%
Estony Y
100%
Etats-Zunis Z
100%
Aran A
99%
Cuisse C
99%
Duatemala D
99%
Haïtie E
99%
Fuinée Equatoriale F
99%
Gogo G
99%
géhorgie H
99%
Guiana I
99%
Krenade K
99%
Monduras M
99%
Qanar N
99%
Onde O
99%
Pépal P
99%
Qespagne Q
99%
Norverge R
99%
Sali S
99%
Bétize T
99%
Vérou V
99%
Gawon W
99%
Jimbabwé J
98%
Lapon L
98%
Aucun quiz correspondant
Distribution des résultats
% des personnes avec chaque résultat
Percentile par nombre de réponses
Votre historique - résultats
Vous n’avez pas pris ce quiz